rjo4's random questions - Statistics

General Stats
  • This quiz has been taken 16 times
  • The average score is 3 of 5
Answer Stats
Question Answer % Correct
Who is the killer in "Halloween" (1978) Michael Myers
93%
In the original "Wizard of the Oz" (1939) what killed the Wicked Witch of the West Water
71%
In Harry Potter and the Sorcerers Stone who made the sorcerers stone Nicholas Flamel
64%
Who kidnapped the Tin Man in "The Return to Oz" (1985) The Nome King
29%
In the book InkHeart what were the abilities of the main characters the ability to read characters and items into reality
21%
No matching quizzes found
Score Distribution
Percent of People with Each Score
Percentile by Number Answered
Your Score History
You have not taken this quiz